Districts of the West midlands - Statistics

General Stats
  • This quiz has been taken 35 times
    32 since last reset
  • The average score is 6 of 7
Answer Stats
Hint Answer % Correct
City City of Birmingham
100%
City City of Coventry
96%
City City of Wolverhampton
96%
District Dudley
93%
District Walsall
93%
Borough Solihull
89%
District Sandwell
81%
No matching quizzes found
Score Distribution
Percent of People with Each Score
Percentile by Number Answered
Your Score History
You have not taken this quiz since the last reset